000 00377nam a2200145Ia 4500
005 20250423100220.0
008 250422s9999 xx 000 0 und d
020 _a05170654322
245 0 _aMilestone of aviation : smithsonian institution national air and space museum
260 _aNew York
260 _bCrescent Books
260 _c1991
300 _a310 p
942 _cBK
999 _c32629
_d32629